• 首页
  • 本馆介绍
  • 公告通知
  • 最新文献
  • 馆藏检索
  • 电子资源
  • 读者导购
  • 参考咨询
  • 我的图书馆
  • 登录
  • 详细信息显示
  • 放入我的书架
  • 预约/预借图书
  • 作者相关作品
  • 分类相关作品
  • 丛书相关作品
  • 出版社相关作品

书目信息

  • 表格格式
  • 工作单格式
  • 卡片格式
题名:
方正飞腾4.1排版应用教程
    
 
作者: 高萍 编著
分册:  
出版信息: 北京   科学出版社  2005
页数: 366页
开本: 26cm
丛书名:
单 册:
中图分类: TS803.23
科图分类:
主题词: 计算机应用--排版--教材 , 计算机应用 , 排版
电子资源:
ISBN: 7-03-015584-X
000 00811nam0 2200241 450
001 002969790
005 20061119082844.82
010    @a7-03-015584-X@dCNY29.80
100    @a20050119d2005 em y0chiy0110 ea
101 0  @achi
102    @aCN@b110000
105    @ay z 000yy
200 1  @a方正飞腾4.1排版应用教程@9fang zheng fei teng 4.1 pai ban ying yong jiao cheng@f高萍编著
210    @a北京@c科学出版社@d2005
215    @a366页@d26cm
330    @a本书采用图文对照,功能介绍与实例操作相结合的方法,全面介绍方正飞腾4.1的功能与操作,每章后面都有一节实战演练,在此设计了一个或多个综合练习。
606 0  @a计算机应用@x排版@j教材
606 0  @a计算机应用
606 0  @a排版
690    @aTS803.23@v4
701  0 @a高萍@9gao ping@c(计算机排版)@4编著
801  0 @aCN@bNLC@c20061119
905    @a10447@dTS803.23@e41
    
    方正飞腾4.1排版应用教程/高萍编著.-北京:科学出版社,2005
    366页;26cm
    
    
    ISBN 7-03-015584-X:CNY29.80
    本书采用图文对照,功能介绍与实例操作相结合的方法,全面介绍方正飞腾4.1的功能与操作,每章后面都有一节实战演练,在此设计了一个或多个综合练习。
●
相关链接 在E读中查询图书 在五车中查询图书 在当当中查询图书 在豆瓣中查询图书


正题名:方正飞腾4.1排版应用教程     索取号:TS803.23/41         预约/预借

序号 登录号 条形码 馆藏地/架位号 状态 备注
1 0392423   203924236   第二样本阅览室/ [索取号:TS803.23/41] 在馆    
2 0392424   203924245   第三借阅区/ [索取号:TS803.23/41] 在馆    
3 0392425   203924254   第三借阅区/ [索取号:TS803.23/41] 在馆    
唐山师范学院图书馆 欢迎您!
大连网信软件有限公司© 版权所有